Basic electrical engineering (Record no. 288)

MARC details
000 -LEADER
Fixed length control field 00544nam a2200181 4500
003 - CONTROL NUMBER IDENTIFIER
Control field SEACOMEC
005 - DATE AND TIME OF LATEST TRANSACTION
Control field 20231222113725.0
008 - FIXED-LENGTH DATA ELEMENTS--GENERAL INFORMATION
Fixed length control field 231222b |||||||| |||| 00| 0 eng d
022 ## - INTERNATIONAL STANDARD SERIAL NUMBER / ISSN
Price Rs.195.00
040 ## - CATALOGING SOURCE
Original cataloging agency SEACOMEC
082 ## - DEWEY DECIMAL CLASSIFICATION NUMBER
Classification number 621.3
Book Number N152
100 1# - MAIN ENTRY--PERSONAL NAME
Personal name Nasarkar,T.K.
245 1# - TITLE STATEMENT
Title Basic electrical engineering
Statement of responsibility T.K. Nasarkar Sukhiya,M.S.
260 1# - IMPRINT
Place of publication New Delhi
Name of publisher Oxford
Date of publication 2005
650 ## - SUBJECT ADDED ENTRY--TOPICAL TERM
Topical term Technology,Electrical, magnetic, optical, communications, computer engineering; electronics, lighting
700 ## - ADDED ENTRY--PERSONAL NAME
Personal name Sukhiya,M.S.
942 ## - ADDED ENTRY ELEMENTS (KOHA)
Koha item type Books
Holdings
Withdrawn status Lost status Source of classification Damaged status Not for loan Home library Current library Date acquired Total Checkouts Call number Accession number Date last seen Copy number Price effective from Koha item type
    Dewey Decimal Classification     SEACOM ENGINEERING COLLEGE SEACOM ENGINEERING COLLEGE 02/06/2006   621.3 N152 00676 22/12/2023 15 22/12/2023 Books
    Dewey Decimal Classification     SEACOM ENGINEERING COLLEGE SEACOM ENGINEERING COLLEGE 02/06/2006   621.3 N152 00677 22/12/2023 16 22/12/2023 Books
    Dewey Decimal Classification     SEACOM ENGINEERING COLLEGE SEACOM ENGINEERING COLLEGE 02/06/2006   621.3 N152 00678 22/12/2023 17 22/12/2023 Books
    Dewey Decimal Classification     SEACOM ENGINEERING COLLEGE SEACOM ENGINEERING COLLEGE 02/06/2006   621.3 N152 00679 22/12/2023 18 22/12/2023 Books
    Dewey Decimal Classification     SEACOM ENGINEERING COLLEGE SEACOM ENGINEERING COLLEGE 02/06/2006   621.3 N152 00680 22/12/2023 19 22/12/2023 Books
    Dewey Decimal Classification     SEACOM ENGINEERING COLLEGE SEACOM ENGINEERING COLLEGE 02/06/2006   621.3 N152 00681 22/12/2023 20 22/12/2023 Books
    Dewey Decimal Classification     SEACOM ENGINEERING COLLEGE SEACOM ENGINEERING COLLEGE 02/06/2006   621.3 N152 00682 22/12/2023 21 22/12/2023 Books
    Dewey Decimal Classification     SEACOM ENGINEERING COLLEGE SEACOM ENGINEERING COLLEGE 02/06/2006   621.3 N152 00683 22/12/2023 22 22/12/2023 Books
    Dewey Decimal Classification     SEACOM ENGINEERING COLLEGE SEACOM ENGINEERING COLLEGE 02/06/2006   621.3 N152 00684 22/12/2023 23 22/12/2023 Books
    Dewey Decimal Classification     SEACOM ENGINEERING COLLEGE SEACOM ENGINEERING COLLEGE 02/06/2006   621.3 N152 00685 22/12/2023 24 22/12/2023 Books
    Dewey Decimal Classification     SEACOM ENGINEERING COLLEGE SEACOM ENGINEERING COLLEGE 02/06/2006   621.3 N152 00686 22/12/2023 25 22/12/2023 Books
    Dewey Decimal Classification     SEACOM ENGINEERING COLLEGE SEACOM ENGINEERING COLLEGE 02/06/2006   621.3 N152 00687 22/12/2023 26 22/12/2023 Books
    Dewey Decimal Classification     SEACOM ENGINEERING COLLEGE SEACOM ENGINEERING COLLEGE 02/06/2006   621.3 N152 00688 22/12/2023 27 22/12/2023 Books
    Dewey Decimal Classification     SEACOM ENGINEERING COLLEGE SEACOM ENGINEERING COLLEGE 02/06/2006   621.3 N152 00689 22/12/2023 28 22/12/2023 Books
    Dewey Decimal Classification     SEACOM ENGINEERING COLLEGE SEACOM ENGINEERING COLLEGE 02/06/2006   621.3 N152 00690 22/12/2023 29 22/12/2023 Books
© Seacom Engineering College, All rights reserved.      Powered by Koha